000 00614pam a2200217 a 4500
001 3053068
005 20180315045617.0
008 960613s1997 nyua 000 0 eng
010 _a 96028217
020 _a0393970728 (pbk.)
040 _aDLC
_cDLC
_dDLC
041 _aeng
080 _a783.0423
082 0 0 _a783.0423 ADL
_220
100 1 _a45
101 _aMUZ
245 1 0 _aSight singing :
_cSamuel Adler.
906 _a7
_bcbc
_corignew
_d1
_eocip
_f19
_gy-gencatlg
942 _2ddc
_cBK
999 _c45088
_d45088